Protein biotechnology: isolation, characterization, and stabilization
Saved in:
| Main Author: | |
|---|---|
| Format: | Book |
| Language: | English |
| Published: |
Totowa
Humana
1993
|
| Series: | Biological Methods
|
| Subjects: | |
| Tags: |
Add Tag
No Tags, Be the first to tag this record!
|
MARC
| LEADER | 00000nam a2200000 a 4500 | ||
|---|---|---|---|
| 001 | UCU2326 | ||
| 003 | CL-VaPUC | ||
| 008 | 960426e19930000us |||||||||||||||||eng|d | ||
| 082 | 0 | 4 | |a 660.63 |b FRA |2 21 |
| 100 | 0 | |a Franks, Felix |e author |9 358376 | |
| 245 | 1 | 0 | |a Protein biotechnology: isolation, characterization, and stabilization |
| 300 | |a 592 p | ||
| 942 | |c BK | ||
| 945 | |d 19960426 00:00:00 |a rbrito | ||
| 260 | |a Totowa |b Humana |c 1993 | ||
| 650 | 0 | |a Biotecnología |9 259561 | |
| 650 | 7 | |a PROTEINAS |2 CL-VaPUC |9 358377 | |
| 650 | 7 | |a FISIOLOGIA |2 CL-VaPUC |9 358378 | |
| 650 | 0 | |a Cromatografía |9 263967 | |
| 650 | 7 | |a ELECTROFORESIS |2 CL-VaPUC |9 261799 | |
| 583 | |a last modification |c 20171017 03:23:02 |k Rodrigo Vera | ||
| 490 | 0 | |a Biological Methods | |
| 999 | |c 246642 |d 246640 | ||
| 952 | |0 0 |1 0 |4 0 |6 660_630000000000000_FRA_1993 |7 0 |8 A |9 261810 |a BIBCUR |b BIBCUR |d 2019-11-19 |i 3195171 |l 2 |o 660.63 FRA 1993 |p 3195171 |r 2025-04-22 |s 2024-09-02 |w 2019-11-19 |y BK |k BCB | ||
| 952 | |0 0 |1 0 |4 0 |6 660_630000000000000_FRA_1993 |7 0 |8 A |9 261811 |a BIBING |b BIBING |d 2019-11-19 |i 3476650 |o 660.63 FRA 1993 |p 3476650 |r 2025-01-20 |w 2019-11-19 |y BK |k EIB | ||